00804nam a2200229 i 4500003000900000005001700009008004100026040004600067041000800113082002200121100002600143245007800169264004700247300004100294336002200335337002400357338003300381504005400414546002000468650002900488856005700517EG-GICUC20260416121646.0260416s1948 -uk|||fr|||| 001 0 eng dd a EG-GICUCbengc EG-GICUCd EG-GICUCerda 0aeng04221a341.6bME . B1 aMeyer, F. VeAuthor.10aBritain's Colonies In World Trade /cBy F. V. Meyer, Ph.d., B.sc.(Econ.). 3aLondon :bOxford University Press,c1948. a281 pages :billustrations,c24 سم 2rda contentatext 2rda mediaaComputer 2rda carrieraOnline Resource aIncludes bibliographical references and index.  aText in English142Public international law40uhttps://fll.law.cu.edu.eg/fulltext/bks/B11-07591.pdf